Michael Ostling, Between the Devil and the Host: Imagining Witchcraft in Early Modern Poland
| Titel: | Michael Ostling, Between the Devil and the Host: Imagining Witchcraft in Early Modern Poland / Jacek Wijaczka |
|---|---|
| Verfasser: | |
| In: |
Acta Poloniae historica, Heft 105 (2012), Seite 179 alle Artikel anzeigen |
| Veröffentlicht: | 2012 |
| Format: | Aufsatz |
| Sprache: | Englisch |
X
alg: 42495977 001A $06052:16-01-18 001B $01999:27-07-21 $t17:19:47.000 001C $03025:16-01-18 $t10:30:26.000 001D $06052:16-01-18 001U $0utf8 001X $00 002@ $0Aox 003@ $0424959771 006N $000002476 007A $0424959771 $aHEB 007D $asw121019 007I $0swets167795229 010@ $aeng 011@ $a2012 013D $#Newspapers Sections, columns, etc. Reviews $#Book reviewing $#Journaux Cahiers, chroniques, etc. Comptes rendus $#Livres Recension $#Rezension $#Buchbesprechung $#Buchrezension $#Buchkritik $74049712-4 $8Rezension [Ts1] $9085138568 021A $aMichael Ostling, Between the Devil and the Host: Imagining Witchcraft in Early Modern Poland $hJacek Wijaczka 028A $aWijaczka $dJacek 031A $e105 $h179 $j2012 039B $aIn $8--Abvc--. Acta Poloniae historica. - Warszawa : Semper, 1958-. - ISSN 0001-6829 $x201200000000105821 $904731401X 039T $8--Aau--Ostling, Michael [Tp3]. Between the devil and the host. - Oxford : Oxford Univ. Press, 2011. - IX, 279 S.. - Ill., graph. Darst., Kt.. - ISBN 978-0-19-958790-2 $9277729858 045F $a900.9438 $eDDC23BSB 045F/01 $a900 045F/03 $g438 045T $a7,41 lok: 42495977 78 exp: 42495977 78 1 #EPN 201B/01 $016-01-18 $t22:47:55.000 201C/01 $016-01-18 201U/01 $0utf8 203@/01 $01015303285 208@/01 $a16-01-18 $be 209A/01 $a/ $f000 $x00 209A/01 $ab*p $x01 220C/01 $apgar 244Z/01 $#Generalgouvernement Polen $#Polska $#Rzeczpospolita Polska $#Polska Rzeczpospolita Ludowa $#Poland $#Pologne $#République Polonaise $#Generalne Gubernatorstwo w Polsce $#Polish People's Republic $#Polska Rzeczpospolita Polen $#PRL $#RP $#Polen Generalgouvernement $#Polska Generalgouvernement $#Besetzte Polnische Gebiete $#Besetztes Gebiet in Polen $#Okupowane Polskie Obszary $#Obszary Okupowane w Polsce $#Volksrepublik Polen $#Polska Rosyjska $#Republic Polen $#Respublika Pol'ša $#Pol'skaja Narodnaja Respublika $#République de Pologne $#Polen Links der Weichsel $#Polska po Lewej Stronie Wisły $#Lenkija $#Polija $#Gubernija Carstva Pol'skago $#Republik Polen $74046496-9 $8--Tg1--Polen $x01 $9085129801 247C/01 $82080>Marburg/Lahn, Herder-Institut, Forschungsbibliothek, Bibliographieportal $9336309341
| LEADER | 00000caa a22000002c 4500 | ||
|---|---|---|---|
| 001 | 424959771 | ||
| 003 | DE-603 | ||
| 005 | 20210727171947.0 | ||
| 007 | tu | ||
| 008 | 180116s2012 xx |||| | u00||u|eng c | ||
| 035 | |a (DE-599)HEB424959771 | ||
| 035 | |a (NL-LiSWE)00002476 | ||
| 040 | |a DE-603 |b ger |c DE-603 |d DE-603 | ||
| 041 | |a eng | ||
| 082 | 0 | 4 | |8 1\u |a 900.9438 |q DE-101 |2 23/BSB |
| 084 | |a 7,41 |2 ssgn | ||
| 085 | |8 1\u |b 900 | ||
| 085 | |8 1\u |z 2 |s 438 | ||
| 100 | 1 | |a Wijaczka, Jacek | |
| 245 | 0 | 0 | |a Michael Ostling, Between the Devil and the Host: Imagining Witchcraft in Early Modern Poland |c Jacek Wijaczka |
| 264 | 0 | |c 2012 | |
| 655 | 7 | |a Rezension |2 gnd-content |0 (DE-588)4049712-4 |0 (DE-603)085138568 | |
| 773 | 0 | 8 | |i In |t Acta Poloniae historica |d Warszawa : Semper, 1958- |x 0001-6829 |g Heft 105 (2012), Seite 179 |w (DE-603)04731401X |w (DE-600)210398-9 |
| 787 | 0 | 8 | |i Rezension von |a Ostling, Michael |t Between the devil and the host |d Oxford : Oxford Univ. Press, 2011 |h IX, 279 S., Ill., graph. Darst., Kt. |z 9780199587902 |z 0199587906 |w (DE-603)277729858 |
| 924 | 0 | |9 2080 |a (DE-603)1015303285 |b DE-2080 |c HES |d d |g / | |


